El patrimonio artístico nacional : (Record no. 190379)
[ view plain ]
| 000 -LEADER | |
|---|---|
| campo de control de longitud fija | 00840nab a2200193 i 4500 |
| 001 - NÚMERO DE CONTROL | |
| campo de control | 190379 |
| 003 - IDENTIFICADOR DE NÚMERO DE CONTROL | |
| campo de control | ES-MaACL |
| 005 - FECHA Y HORA DE LA ÚLTIMA TRANSACCIÓN | |
| campo de control | 20250930063202.0 |
| 008 - DATOS DE LONGITUD FIJA--INFORMACIÓN GENERAL | |
| campo de control de longitud fija | 210119s1919 sp a 000 s spa d |
| 100 1# - ENTRADA PRINCIPAL--NOMBRE DE PERSONA | |
| Nombre de persona | Martorell i Terrats, Jeroni, |
| Fechas asociadas al nombre | 1873-1951 |
| 9 (RLIN) | 170839 |
| 245 13 - MENCIÓN DEL TÍTULO | |
| Título | El patrimonio artístico nacional : |
| Resto del título | conferencia en el Ateneo de Madrid / |
| Mención de responsabilidad, etc. | por Jerónimo Martorell. |
| 610 24 - PUNTO DE ACCESO ADICIONAL DE MATERIA--NOMBRE DE ENTIDAD CORPORATIVA | |
| Nombre de entidad corporativa o nombre de jurisdicción como elemento de entrada | Ateneo de Madrid- |
| Subdivisión de forma | Conferencias- |
| Subdivisión cronológica | 1900-1939 |
| 9 (RLIN) | 1907 |
| 650 #4 - PUNTO DE ACCESO ADICIONAL DE MATERIA--TÉRMINO DE MATERIA | |
| Término de materia o nombre geográfico como elemento de entrada | Patrimonio cultural- |
| Subdivisión geográfica | España. |
| 9 (RLIN) | 226995 |
| 710 2# - ENTRADA AGREGADA--NOMBRE DE ENTIDAD CORPORATIVA | |
| Nombre de entidad corporativa o nombre de jurisdicción como elemento de entrada | Sociedad Central de Arquitectos |
| 9 (RLIN) | 134871 |
| 773 0# - ASIENTO DE ITEM FUENTE | |
| Título | Arquitectura : órgano de la Sociedad Central de Arquitectos, |
| Lugar, editor y fecha de publicación | Madrid : Colegio Oficial de Arquitectos, |
| Número Internacional Normalizado para Publicaciones Seriadas | ISSN 0211-3376, |
| Parte(s) relacionada(s) | N. 14, 1919, p. 149-161 |
| Número bibliográfico anfitrión | 193443 |
| Número de control del registro | (SpMaBN)193443 |
| Número de ítem anfitrión | 291 |
| 942 ## - ELEMENTOS DE ENTRADA SECUNDARIOS (KOHA) | |
| Tipo de ítem Koha | Artículo de revista |
| Fuente del sistema de clasificación o colocación | Clasificación decimal universal |
No items available.
